书目信息 |
| 题名: |
旅游产业对三峡库区农村发展的影响及模式研究
|
|
| 作者: | 万先进 , 李鸿文 著 | |
| 分册: | ||
| 出版信息: | 北京 科学出版社 2013 |
|
| 页数: | 174页 | |
| 开本: | 24cm | |
| 丛书名: | ||
| 单 册: | ||
| 中图分类: | F327.719 | |
| 科图分类: | ||
| 主题词: | 旅游业--影响--区域农业--农村经济发展--研究--三峡 , 旅游业 , 区域农业 , 农村经济发展 | |
| 电子资源: | ||
| ISBN: | 978-7-03-033545-6 | |
| 000 | 01292nam0 2200289 450 | |
| 001 | 524 | |
| 005 | 20140909094212.79 | |
| 010 | @a978-7-03-033545-6@dCNY48.00 | |
| 100 | @a20130123d2013 em y0chiy50 ea | |
| 101 | 0 | @achi |
| 102 | @aCN@b110000 | |
| 105 | @ay z 000yy | |
| 106 | @ar | |
| 200 | 1 | @a旅游产业对三峡库区农村发展的影响及模式研究@ALu^ You Chan Ye Dui San Xia Ku Qu Nong Cun Fa Zhan De Ying Xiang Ji Mo Shi Yan Jiu@f万先进,李鸿文著@FWan Xian Jin, Li Hong Wen Zhu |
| 210 | @a北京@c科学出版社@d2013 | |
| 215 | @a174页@d24cm | |
| 300 | @a国家自然基金委员会资助项目(70873034) | |
| 330 | @a本书以产业经济发展的基本原理和可持续发展的理论为指导,运用相关学科知识,采用实证研究的形式,按照计量经济学的方法,对三峡库区巫山农村发展旅游产业进行研究,在分析旅游产业对该地区农村(经济、文化、环境)发展影响的基础上,综合评价库区农村发展旅游产业的各项因子,集成该地区旅游发展模式及所需政策支持,为提升库区农村发展旅游产业竞争力提供理论依据。 | |
| 606 | 0 | @a旅游业@x影响@x区域农业@x农村经济发展@x研究@y三峡 |
| 606 | 0 | @a旅游业 |
| 606 | 0 | @a区域农业 |
| 606 | 0 | @a农村经济发展 |
| 690 | @aF327.719@v5 | |
| 701 | 0 | @a万先进@AWan Xian Jin@f(1963.8~)@4著 |
| 701 | 0 | @a李鸿文@ALi Hong Wen@f(1966~)@4著 |
| 801 | 0 | @aCN@bTANGWEI@c20140603 |
| 905 | @b0838831-33@dF327.719@e157@f3 | |
| 旅游产业对三峡库区农村发展的影响及模式研究/万先进,李鸿文著.-北京:科学出版社,2013 |
| 174页;24cm |
| 国家自然基金委员会资助项目(70873034) |
| ISBN 978-7-03-033545-6:CNY48.00 |
| 本书以产业经济发展的基本原理和可持续发展的理论为指导,运用相关学科知识,采用实证研究的形式,按照计量经济学的方法,对三峡库区巫山农村发展旅游产业进行研究,在分析旅游产业对该地区农村(经济、文化、环境)发展影响的基础上,综合评价库区农村发展旅游产业的各项因子,集成该地区旅游发展模式及所需政策支持,为提升库区农村发展旅游产业竞争力提供理论依据。 |
| ● |
| 相关链接 |
|
|
|
|
正题名:旅游产业对三峡库区农村发展的影响及模式研究
索取号:F327.719/157
 
预约/预借
| 序号 | 登录号 | 条形码 | 馆藏地/架位号 | 状态 | 备注 |
| 1 | 0838831 | 208388314 | 第一样本阅览室/ [索取号:F327.719/157] | 在馆 | |
| 2 | 0838832 | 208388323 | 密集书库-海洋学院/ [索取号:F327.719/157] | 在馆 | |
| 3 | 0838833 | 208388332 | 第一借阅区/ [索取号:F327.719/157] | 在馆 |